=LDR 00000nam 2200000 4500 =001 INLIS000000000028848 =005 20130612131126 =008 ***********************************Ind** =035 ##$$0010-061300000028848 =041 ##$$a Ind =082 ##$$a F Rom D =090 ##$$a F Rom D, Sha-h =100 ##$$a Shakespeare, William =245 ##$$a Hamlet Pangeran Denmark =260 ##$$a 1975 $b Jakarta =300 ##$$a 208 hlm., 21 cm =650 ##$$a Fiksi Dewasa =850 ##$$a NBPNMAT =990 ##$$a 87198719 =990 ##$$a 26.594/Hd79 =990 ##$$a 01201708719